Statistics for 5 States With The Most Punjabi Speakers

Click here to take the quiz!

General Stats

  • This quiz has been taken 17 times
  • The average score is 4 of 5

Answer Stats

HintAnswer% Correct
24,919,067Punjab
100%
2,400,883Haryana
79%
873,774NCT Delhi
79%
2,274,342Rajasthan
57%
615,022Himachal Pradesh
43%

Score Distribution

Percentile by Number Answered

Percent of People with Each Score

Your Score History

You have not taken this quiz